000 00812nam a22001937a 4500
005 20091029151557.0
008 091029t xxu||||| |||| 00| 0 eng d
020 _a1-4020-1515-1
080 _a515.12:510.22
_bROD
100 _aRodabaugh, Stephen Ernest [ed.]
_eed. by
_99194
245 _aTopological and algebraic structures i fuzzy sets:
_ba handbook of recent developments in the mathematics of fuzzy sets
260 _aDordrecht
_bKluwer Academic Publishers
_c2003
_99195
300 _axi, 467p.
490 _a(Trends in logic strudia logica library; v.20)
653 _aFuzzy sets
_aTopology
_aAlgebra
_aFuzzy set theory
700 _aErich, Peter Klement
_99196
942 _cBK
952 _w2009-10-29
_p00053003
_r2009-10-29
_40
_00
_bUL
_10
_o515.12:510.22 ROD
_d2009-10-29
_70
_2udc
_yBK
_aUL
999 _c9826
_d9825